Lost for Words: Surnames Quiz Stats

 Plays Quiz Updated Oct 17, 2018

Score 0/21 Timer 04:00
1 Play Today
Question Answer Wrong Answers
Nicolas Cage Cage
98%
Bench
0.5%
House
0.7%
Megan Fox Fox
95.2%
Hawk
1.8%
Shepherd
1.9%
Chris Rock Rock
93.9%
Paper
1.4%
Scissors
1.1%
Bill Gates Gates
93.7%
Bridges
2.2%
Fields
1.3%
Britney Spears Spears
90.4%
Hammer
1.9%
Cannon
5.4%
Kristen Bell Bell
90.3%
Rose
6.7%
Lemon
2.1%
Whitney Houston Houston
87.7%
Denver
7.5%
Boston
4.2%
Gerald Ford Ford
85.4%
Cooper
5.9%
Tesla
5.2%
Neil Diamond Diamond
84.7%
Gold
4.7%
Cash
8.3%
Emma Stone Stone
83.6%
Waters
8.6%
Beach
4.7%
Stephen King King
82.9%
Knight
9%
Pope
6.2%
Christian Bale Bale
80.7%
Hill
9.4%
Woods
9%
Andrew Garfield Garfield
78.1%
Donald
6%
Clifford
13.7%
Larry Bird Bird
76.8%
Fish
11.4%
Wolf
9.1%
Sean Bean Bean
75.4%
Bacon
13.3%
Rice
9.8%
Maggie Smith Smith
74.2%
Barber
6.4%
Baker
16.8%
Deborah Harry Harry
72.5%
Ronald
10.6%
Hermione
14.9%
Keegan-Michael Key Key
67.6%
Ball
11%
Bush
18.3%
Samantha Bee Bee
57.2%
Pots
24.5%
Lily
15%
Kathy Ireland Ireland
56.9%
San Marino
17.7%
India
21.4%
Keith Moon Moon
54.4%
Sun
18.3%
Mars
23.7%

You're not logged in!

Compare scores with friends on all Sporcle quizzes.
OR
Log In

Sporcle TV

Today on Sporcle TV


Watch our educational content, quiz creation guides, and fun videos on Sporcle TV.

Show Comments

Extras

Top Quizzes Today


Score Distribution

Your Account Isn't Verified!

In order to create a playlist on Sporcle, you need to verify the email address you used during registration. Go to your Sporcle Settings to finish the process.

Report this User

Report this user for behavior that violates our Community Guidelines.

Details: